ბათუმის შოთა რუსთაველის სახელმწიფო უნივერსიტეტის ბიბლიოთეკა

მეთოდური მითითებანი ბუნების დაცვაში / (ბიბ.ჩანაწერი № 34635)

000 -ლიდერი
ფიქსირებული სიგრძის საკონტროლო ველი 01132nam a2200229Ia 4500
001 - საკონტროლო ნომერი
საკონტროლო ველი 400
003 - საკონტროლო ნომრის იდენტიფიკატორი
საკონტროლო ველი GE_BSU
005 - ბოლო ოპერაციის თარიღი და დრო
საკონტროლო ველი 20250417115649.0
008 - ფიქსირებული სიგრძის მონაცემთა ელემენტები - ზოგადი ინფორმაცია
ფიქსირებული სიგრძის საკონტროლო ველი 181216s1983||||ge |||||||||||||| ||geo||
040 ## - კატალოგიზაციის წყარო
Transcribing agency GE_BSU
041 ## - ენის კოდი
Language code of text/sound track or separate title geo
080 ## - უნივერსალური ათობითი კლასიფიკაციის ინდექსი
Universal Decimal Classification number 502(075.8) გ–945
100 ## - მთავარი ჩანაწერი - პიროვნების სახელი
Personal name გულისაშვილი, ვ.
9 (RLIN) 1111
245 ## - ცნობა სათაურის შესახებ
Title მეთოდური მითითებანი ბუნების დაცვაში /
Statement of responsibility, etc საქ. სსრ უმაღლ. და საშ. სპეც. განათლ. სამინისტროს უმაღლ. განათლ. სამეცნ.-მეთოდ. კაბ-ტი.
264 ## - წარმოების, გამოცემის, დისტრიბუციის და სხვა ცნობები
გამოცემის, წარმოების, დისტრიბუციის... ადგილი თბილისი :
გამოცემის, წარმოების, დისტრიბუციის... სახელწოდება თბილ. უნ-ტის გამ-ბა და სტ.,
გამოცემის, წარმოების, დისტრიბუციის... თარიღი 1983.
300 ## - ფიზიკური აღწერა
Extent 124 გვ.;
Other physical details 20სმ.
653 ## - INDEX TERM--UNCONTROLLED
Uncontrolled term ბუნების დაცვა
700 ## - ADDED ENTRY--PERSONAL NAME
Personal name ურუშაძე, თენგიზ
Relator term ავტორი
9 (RLIN) 24862
856 ## - ELECTRONIC LOCATION AND ACCESS
Uniform Resource Identifier https://dspace.nplg.gov.ge/bitstream/1234/403168/1/Metoduri_Mititebebani_Bunebis_Dacvashi_1983.pdf
Link text ელ. ვერსია
942 ## - ADDED ENTRY ELEMENTS (KOHA)
Koha item type წიგნი
Source of classification or shelving scheme
ეგზემპლარები
ჩამოწერის სტატუსი დაკარგული ეგზემპლარის სტატუსი კლასიფიკაციის წყარო ან თაროზე გაწყობის სქემა დაზიანების სტატუსი არ გაიცემა მუდმივი მდებარეობა (დაცვის ადგილი) ამჟამინდელი ადგილსამყოფელი თაროზე განთავსების ადგილი შეძენის თარიღი ღირებულება, შესყიდვის ნორმალური ფასი სრული შენახვის შიფრი შტრიხკოდი ბოლო ოპერაციის თარიღი ეგზემპლარის მიმდევრობითი ნომერი (კეტერი?) ფასის ძალაში შესვლის თარიღი ეგზემპლარის სახეობა საჯარო შენიშვნა
          ბათუმის შოთა რუსთაველის სახელმწიფო უნივერსიტეტის მთავარი ბიბლიოთეკა ბათუმის შოთა რუსთაველის სახელმწიფო უნივერსიტეტის მთავარი ბიბლიოთეკა წიგნსაცავი 2018-12-17 5.00 502(075.8) გ–945 1876 2018-12-17 1876 2018-12-17 წიგნი 5 ლ.